| 000 | 00357nam a22001337a 4500 | ||
|---|---|---|---|
| 020 | _qPB. | ||
| 040 | _cFIZZA ISHAQ | ||
| 082 |
_a808.042 _bSTR |
||
| 100 |
_aStrunk , William. _9133800 |
||
| 245 |
_aThe Elements of Style _cWilliam Strunk. |
||
| 260 |
_aNew York: _bMacmillan Company, _c1959. |
||
| 300 |
_a71 P. ; _c8.5 x 0.49 x 11 inches |
||
| 942 |
_2ddc _cBK |
||
| 999 |
_c616763 _d616763 |
||